02421 a2200229 45000010006000000050017000060080041000230030015000640400040000790800057001192450064001762640049002403000019002895051729003081000023020377000021020607000023020817000018021047000022021227000022021447000025021662743720260407155549.0260407a1963 arg spa dAR-UNSa-BCEJYS aAR-UNSa-BCEJYSbspacAR-UNSa-BCEJYS a658.5xPlanificación y control de la producción 10aPlaneamiento de la producción, inventarios y mano de obra 1aMéxico :bHerrero Hermanos Sucesoresc1963 a469 p.c24 cm. aParte I: 1. Problemas, métodos y resultados - Parte II: Reglas decisiones para el planeamiento de la producción global y la mano de obra: 2. Reglas de decisiones para el planeamiento de la producción y la mano de obra - 3. Estimación de las relaciones entre costos y producción, mano de obra e inventario - 4. Derivación y cálculo de las normas de decisiones - 5. Aplicación de las normas decisiorias en materia de producción y mano de obra - 6. Decisiones lineales en casos de incertidumbre - 7. Predicción de pedidos globales - 8. Respuestas dinámicas optimas a las fluctuaciones en las ventas - 9. Costo de los errores en la predicción, en el control, en la información y en el cálculo o estimación - Parte III: Pedidos, despacho, producción y compra de artículos individuales: 10. Determinación de la cantidad de producción bajo resticciones de caracter global - 11. Programación periodica de inventario de amortiguación - 12. Planemiento de inventarios con disparador para lotes de tamaño fijo - 13. Tamaño de los lotes e inventarios de amortiguación bajo el sistema del punto de reordenamiento - 14. Predicción de ventas de productos individuales utilizando medias moviles con pesos especificos exponenciales - 15. Distribución probable de los errores de predicción - Parte IV: Diseño de sistema decisiorio: 16. Sistemas decisorios periodicos con disparador - 17. Diseño de sistemas decisorios para almacenes de fabricas - Parte V: Generalización de los métodos decisorios: 18. Métodos generales para la obtención de norma decisorias lineales - 19. Normas decisorias bajo tiempo continuo - 20. Otros métodos para planear la producción en el tiempo.1 aModigliani, Franco1 aHolt, Charles C.1 aBonini, Charles P.1 aMuth, John F.1 aWinters, Peter R.1 aSimon, Herbert A.1 aRivero Caso, Ramón